00412nam a2200133 i 4500001000300000100001900003245007100022260001900093040000800112041000800120080001100128008004100139856009800180bg1 aDROZDOV, N. D. 0aLinejnaja algebra v teorii uravnivanija izmerenij /cN.D. Drozdov. aMoskva,c1973. cBPK apol a512.64 s pl f |000 0 pol  uhttp://koha.tu.koszalin.pl/cgi-bin/koha/opac-detail.pl?biblionumber=25722yKatalog online BPK